Books Cut Off at B Quiz Stats

Quiz Updated Aug 4, 2017

Also try: Books Cut Off at A
Challenge
Share
Tweet
Embed
Score 0/22 Timer 06:00
3 Plays Today
Hint Answer % Correct
THE HOThe Hobbit
98.2%
SENSE AND SENSISense and sensibility
97.1%
THE JUNGLEThe Jungle Book
96.2%
THE HUNCHThe Hunchback of Notre-Dame
95.6%
ADVENTURES OF HUCKLEAdventures of Huckleberry Finn
92.1%
MOMoby-Dick; or, The Whale
90.9%
HARRY POTTER AND THE CHAMHarry Potter and the Chamber of Secrets
89.8%
THE CANTERThe Canterbury Tales
89.5%
IN COLDIn Cold Blood
85.9%
THE HOUND OF THEThe Hound of the Baskervilles
82.6%
THE IMPORTANCE OFThe Importance of Being Earnest
80.8%
Hint Answer % Correct
CLIFFORD THE Clifford the Big Red Dog
79.1%
THE LOVELY The Lovely Bones
75.1%
MADAMEMadame Bovary
72.8%
THE PERKS OFThe Perks of Being a Wallflower
71.7%
EXTREMELY LOUD AND INCREDIExtremely Loud and Incredibly Close
68.1%
RORobinson Crusoe
57.5%
SHARP OSharp Objects
56.7%
THE REDThe Red Badge of Courage
56.3%
JUDE THE OJude the Obscure
48.8%
A MOVEAA Moveable Feast
45.7%
LAKE WOLake Wobegon Days
24.8%

You're not logged in!

Compare scores with friends on all Sporcle quizzes.
Sign Up with Email
OR
Log In

You Might Also Like...

Show Comments

Extras

Top Quizzes Today


Score Distribution

Your Account Isn't Verified!

In order to create a playlist on Sporcle, you need to verify the email address you used during registration. Go to your Sporcle Settings to finish the process.

Report this User

Report this user for behavior that violates our Community Guidelines.

Details: